| 000 | 01061nam0a2200313 4500 | ||
|---|---|---|---|
| 001 | RU\NLR\BIBL_A\011598452 | ||
| 005 | 20240921183630.0 | ||
| 010 |
_a9785386102425 _93000 |
||
| 021 |
_aRU _b2017-98079 _97059 |
||
| 035 | _a(RuMoRGB)009494683 | ||
| 035 | _a(NLR Aleph) 011598452 | ||
| 090 |
_a10874895 _c10874895 |
||
| 100 | _a20180119d2017 u y0rusy50 ca | ||
| 101 | 1 |
_arus _ceng |
|
| 102 | _aRU | ||
| 105 | _ay z 000ay | ||
| 200 | 1 |
_aМоя жизнь по соседству _fХантли Фицпатрик _g[перевод с английского А. И. Ахмеровой] |
|
| 210 |
_aМосква _cРИПОЛ классик _d2017 |
||
| 215 |
_a382, [1] с. _cил. _d22 |
||
| 225 | 1 | _aТам, где сердце | |
| 333 | _a16+ | ||
| 686 |
_aШ5(7США)64-644 _2rubbk |
||
| 686 | 1 | _aШ6(7США)67-440.4(Лх1979-50) | |
| 700 | 1 |
_7ca _8rus _aФицпатрик _bХ. _gХантли _9184244 _3RU\NLR\AUTH\770184295 |
|
| 942 | _cBOOK | ||
| 980 | _aNBR | ||